000 00629nam a2200229 4500
003 OSt
005 20260601193838.0
008 260506b1963 US ||||| |||| 00| 0 eng d
040 _aICI
_bSPA
_cICI
041 _aENG
050 _aNA6603
_bD6
100 1 _aDober, Richard P,
_e autor
245 1 _aCampus planning /
_cRichard P. Dober
264 _ANew York :
_bReinhold,
_cc1963
300 _a314 páginas
336 _atexto
_2rdacontent
337 _asin medio
_2rdamedia
338 _avolumen
_2rdacarrier
500 _aLibro de Referencia
650 _aUniversidades
_xConstrucción
_zEstados Unidos
942 _2lcc
_cB
_n1
999 _c21332
_d21332